La storia dei Papi : (Record no. 359232)

MARC details
000 -LEADER
fixed length control field 01047nam a2200289 u 4500
001 - CONTROL NUMBER
control field 000000355032
003 - CONTROL NUMBER IDENTIFIER
control field IT-MiSPE
005 - DATE AND TIME OF LATEST TRANSACTION
control field 20210414160957.0
008 - FIXED-LENGTH DATA ELEMENTS--GENERAL INFORMATION
fixed length control field 070423s2007 it b 001 ucita d
020 ## - INTERNATIONAL STANDARD BOOK NUMBER
International Standard Book Number 9788816304406
040 ## - CATALOGING SOURCE
Original cataloging agency IT-MiSPE
Language of cataloging ita
Transcribing agency IT-MiSPE
082 ## - DEWEY DECIMAL CLASSIFICATION NUMBER
Classification number 270.092-LAB ju st (axa 23306)
100 1# - MAIN ENTRY--PERSONAL NAME
Personal name Laboa, Juan María,
Dates associated with a name 1939-
9 (RLIN) 58857
240 10 - UNIFORM TITLE
Uniform title Historia de los Papas.
Language of a work Italiano
245 13 - TITLE STATEMENT
Title La storia dei Papi :
Remainder of title tra il regno di Dio e le passioni terrene /
Statement of responsibility, etc. Juan María Laboa.
260 ## - PUBLICATION, DISTRIBUTION, ETC. (IMPRINT)
Place of publication, distribution, etc. Milano :
Name of publisher, distributor, etc. Jaca Book,
Date of publication, distribution, etc. 2007.
300 ## - PHYSICAL DESCRIPTION
Extent 542 p. :
Other physical details c. geogr. ;
Dimensions 25 cm
490 1# - SERIES STATEMENT
Series statement Già e non ancora ;
Volume/sequential designation 440
490 1# - SERIES STATEMENT
Series statement Complementi alla storia della Chiesa
500 ## - GENERAL NOTE
General note Tit. orig.: Historia de los Papas
504 ## - BIBLIOGRAPHY, ETC. NOTE
Bibliography, etc Bibliografia (pp. 487-526) e indice
655 #7 - INDEX TERM--GENRE/FORM
Genre/form data or focus term Storia ecclesiastica. Generalità
General subdivision Storia generale dei Papi (italiano)
Source of term local
9 (RLIN) 58858
830 #0 - SERIES ADDED ENTRY--UNIFORM TITLE
Uniform title Già e non ancora ;
Volume number/sequential designation 440.
9 (RLIN) 58859
830 #0 - SERIES ADDED ENTRY--UNIFORM TITLE
Uniform title Complementi alla storia della Chiesa.
9 (RLIN) 58860
942 ## - ADDED ENTRY ELEMENTS (KOHA)
Source of classification or shelving scheme Dewey Decimal Classification
Koha item type LIBRO
Holdings
Withdrawn status Lost status Source of classification or shelving scheme Damaged status Not for loan Home library Current library Date acquired Total Checkouts Full call number Barcode Date last seen Price effective from Koha item type
    Dewey Decimal Classification Buone Condizioni Not For Loan CINISELLO CINISELLO 14/04/2021   270.092-LAB ju st (axa 23306) 9788816304406 14/04/2021 14/04/2021 LIBRO
CREDITS: SOCIETA' SAN PAOLO Via A.Severo, 58 - ROMA (RM) & PERIODICI SAN PAOLO SRL Via Giotto, 36 MILANO & CISF Via Giotto, 36 MILANO & EDIZIONI SAN PAOLO SRL,  Piazza Soncino, 5 CINISELLO BALSAMO (MI) -- ITALY